Представление документа в формате RUSMARC

ПолеНазваниеЗначение
  Тип записи a
  Библиографический уровень a
001 Контрольный номер RU/REG73/CBS_GRAD/755aa65b55af4002951309c60d6087df
005 Дата корректировки 20250904162500.0
100 Данные общей обработки __
a Данные общей обработки 20250904a2015 |||c0rusy0189 ca
101 Язык документа 0_
a Язык текста rus
102 Страна публикации __
a Страна публикации RU
200 Заглавие и сведения об ответственности 1_
a Заглавие 12 симбирских литературных апостолов. Аполлон Коринфский
461 Уровень набора _0
1 2000
a Симбирскъ
463 Уровень физической единицы _0
1 2000
a № 7
v С.5
1 2101
d 2015
1 001RU/REG73/CBS_GRAD/4e1bdddb933b4cf7b093732eb392bb81
600 Персоналии _1
a Персоналии (Фамилия) Коринфский
b Персоналии (Имя, инициалы) А.
606 Тематические рубрики 0_
a Основная рубрика Писатели нашего края
610 Ключевые слова 0_
a Ключевые слова писатели-симбиряне, писатели нашего края, Коринфский, литературные апостолы
686 Индексы других классификаций __
a Классификационный индекс 83.3(2 Рос=Рус)1
2 Код системы rubbk
801 Источник записи _0
a Страна RU
b Организация RuCBSGrad
c Дата составления 20250904
g Правила каталогизации RCR
801 Источник записи _1
a Страна RU
b Организация RuCBSGrad
c Дата составления 20250904
g Правила каталогизации RCR
852 Данные о местонахождении __
a Наименование организации МБУК ЦБС г. Димитровграда
901 Тип документа __
t Тип документа b
w Контрольный № источника RU/REG73/CBS_GRAD/4e1bdddb933b4cf7b093732eb392bb81
909 Создатель записи __
a Создатель записи Тенигина
b Дата создания записи 20250904